No one is too small to make a difference (Record no. 80765)

MARC details
000 -LEADER
fixed length control field 00753nam a22002417a 4500
003 - CONTROL NUMBER IDENTIFIER
control field CBULib
005 - DATE AND TIME OF LATEST TRANSACTION
control field 20240906082125.0
008 - FIXED-LENGTH DATA ELEMENTS--GENERAL INFORMATION
fixed length control field 230706b |||||||| |||| 00| 0 eng d
020 ## - INTERNATIONAL STANDARD BOOK NUMBER
International Standard Book Number 9780141991740
040 ## - CATALOGING SOURCE
Original cataloging agency CBULib
Transcribing agency CBULib
Language of cataloging English
Description conventions rda
041 ## - LANGUAGE CODE
Language code of text/sound track or separate title eng
050 ## - LIBRARY OF CONGRESS CALL NUMBER
Classification number GE 195.7 Thu
100 1# - MAIN ENTRY--PERSONAL NAME
9 (RLIN) 790
Personal name Thunberg, Greta,
Dates associated with a name 2003-
245 ## - TITLE STATEMENT
Title No one is too small to make a difference
Statement of responsibility, etc / by Greta Thunberg
260 ## - PUBLICATION, DISTRIBUTION, ETC. (IMPRINT)
Place of publication, distribution, etc UK :
Name of publisher, distributor, etc Penguin Random House,
Date of publication, distribution, etc 2019
300 ## - PHYSICAL DESCRIPTION
Extent 68 pages
336 ## - CONTENT TYPE
Source rdacontent
Content type term Text |
Content type code txt
337 ## - MEDIA TYPE
Source rdamedia
Media type term Unmediated |
Media type code n
338 ## - CARRIER TYPE
Source rdacarrier
Carrier type term Volume
Carrier type code nc
650 #0 - SUBJECT ADDED ENTRY--TOPICAL TERM
Source of heading or term Library of Congress
Topical term or geographic name as entry element ENVIRONMENTAL RESPONSIBILITY
9 (RLIN) 791
650 #0 - SUBJECT ADDED ENTRY--TOPICAL TERM
Source of heading or term Library of Congress
Topical term or geographic name as entry element CLIMATE CHANGE
9 (RLIN) 270
942 ## - ADDED ENTRY ELEMENTS (KOHA)
Koha item type MONOGRAPH
Source of classification or shelving scheme
Holdings
Withdrawn status Lost status Source of classification or shelving scheme Damaged status Not for loan Collection code Permanent Location Current Location Shelving location Date acquired Source of acquisition Total Checkouts Full call number Barcode Date last seen Date checked out Copy number Price effective from Koha item type Cost, normal purchase price
          Mpika Library Collection CBU-MPIKA LIBRARY, MPIKA CAMPUS. CBU-MAIN LIBRARY, KITWE. General Stacks 07/06/2023 DON-BOOKAID 1 GE 195.7 Thu 752387 06/19/2025 06/18/2025 1 07/06/2023 MONOGRAPH  
          Mpika Library Collection CBU-MPIKA LIBRARY, MPIKA CAMPUS. CBU-MAIN LIBRARY, KITWE. General Stacks 07/06/2023 DON-BOOKAID   GE 195.7 Thu 752388 07/06/2023   2 07/06/2023 MONOGRAPH  
          CBU-Lusaka Campus CBU- LUSAKA CAMPUS CBU-MAIN LIBRARY, KITWE. General Stacks 09/06/2024 DON-BOOKAID   GE 195.7 Thu 752389 09/06/2024   3 09/06/2024 MONOGRAPH 57.94